Harley Race's career opponents - Statistics

General Stats
  • This quiz has been taken 194 times
    82 since last reset
  • The average score is 112 of 179
Answer Stats
Answer % Correct
Bruno Sammartino
100%
Dean Ho
100%
Dusty Rhodes
100%
Eddie Graham
100%
Fritz Von Erich
100%
Johnny Valentine
100%
Lex Luger
100%
"Macho Man" Randy Savage
100%
Mike Graham
100%
Pat Patterson
100%
Ric Flair
100%
"Rowdy" Roddy Piper
100%
"Superstar" Billy Graham
100%
Thunderbolt Patterson
100%
Tito Santana
100%
Verne Gagne
100%
Andre the Giant
95%
Curt Hennig
95%
Don Muraco
95%
Dory Funk Jr.
95%
Dory Funk Sr.
95%
Ernie Ladd
95%
Ivan Koloff
95%
Jake "The Snake" Roberts
95%
"Mr. Wonderful" Paul Orndoff
95%
Stan Hansen
95%
Terry Funk
95%
Barry Windham
90%
B. Brian Blair
90%
Bob Backlund
90%
Bob Orton
90%
"Cowboy" Bob Orton
90%
David Von Erich
90%
Dino Bravo
90%
"Hacksaw" Jim Duggan
90%
Hulk Hogan
90%
Jack Brisco
90%
Jerry Brisco
90%
Jerry "The King" Lawler
90%
Jim Brunzell
90%
Kerry Von Erich
90%
Kevin Von Erich
90%
King Kong Bundy
90%
Lord Alfred Hayes
90%
Rick Martel
90%
Sgt. Slaughter
90%
"Superfly" Jimmy Snuka
90%
Ted Dibiase
90%
Tommy Rich
90%
Blackjack Mulligan
85%
Brutus Beefcake
85%
Chavo Guerrero
85%
Dick Murdoch
85%
Gary Young
85%
George "The Animal" Steele
85%
Grizzly Smith
85%
Haku
85%
Ivan Putski
85%
Joe Blanchard
85%
Ken Patera
85%
Mr. Fuji
85%
Nick Bockwinkel
85%
The Ultimate Warrior
85%
Wahoo McDaniel
85%
Chief Jay Strongbow
80%
Junkyard Dog
80%
Kamala
80%
Paul Jones
80%
Pedro Morales
80%
Rocky Johnson
80%
Rufus R. Jones
80%
S.D. Jones
80%
Shohei "Giant" Baba
80%
The Iron Sheik
80%
Abdullah the Butcher
75%
Bam Bam Bigelow
75%
Bruiser Brody
75%
Buddy Rose
75%
Butch Reed
75%
Carlos Colon
75%
Jimmy Garvin
75%
Koko B. Ware
75%
Mr. Wrestling
75%
Paul Roma
75%
Ricky "The Dragon" Steamboat
75%
Terry Taylor
75%
The Crusher
75%
Tony Atlas
75%
Tony Garea
75%
Bill Watts
70%
Bobo Brazil
70%
Dick Slater
70%
Hercules
70%
Larry Zbyszko
70%
Mil Mascaras
70%
Ron Bass
70%
Stan Stasiak
70%
Angelo Poffo
65%
Blackjack Lanza
65%
Hillbilly Jim
65%
Jay Youngblood
65%
Jerry Blackwell
65%
Lanny Poffo
65%
Peter Maivia
65%
Angelo Mosca
60%
Billy Jack Haynes
60%
"Iron" Mike Sharpe
60%
Mr. Wrestling II
60%
Ray Stevens
60%
The Barbarian
60%
Gene Kiniski
55%
George Wells
55%
Jackie Fargo
55%
"Sailor" Art Thomas
55%
Adnan Al-Kassie
50%
Bob Armstrong
50%
Brickhouse Brown
50%
Bugsy McGraw
50%
Danny Davis
50%
Dick the Bruiser
50%
Dominic DeNucci
50%
Don Leo Jonathan
50%
Magnum T.A.
50%
Mike Rotundo
50%
Pat O'Connor
50%
Rene Goulet
50%
Rick McGraw
50%
The Missing Link
50%
The Spoiler
50%
Tiger Jeet Singh
50%
Baron Von Raschke
45%
Brian Pillman
45%
Cpl. Kirchner
45%
Genichiro Tenryu
45%
Miguel Perez Jr.
45%
Scott Casey
45%
The Assassin
45%
Al Snow
40%
Eduardo Carpentier
40%
Haystacks Calhoun
40%
Ox Baker
40%
Manny Fernandez
35%
Moondog Spot
35%
Salvatore Bellomo
35%
Austin Idol
30%
Dutch Mantell
30%
Steve Keirn
30%
Gino Hernandez
25%
"Iceman" King Parsons
25%
The Great Kabuki
25%
The Mongolian Stomper
25%
Eddie Sharkey
20%
Jose Lothario
20%
Jose Luis Rivera
20%
Ron Fuller
20%
The Sheik
15%
Akio Sato
10%
Jumbo Tsuruta
10%
Red Bastien
10%
The Destroyer
10%
Bob Geigel
5%
Cousin Luke
5%
Dennis Condrey
5%
Karl Kox
5%
Les Thornton
5%
Outback Jack
5%
Super Destroyer
5%
Wilbur Snyder
5%
Biff Wellington
0%
Billy Red Lyons
0%
Black Bart
0%
Danny Hodge
0%
Jos LeDuc
0%
Les Thatcher
0%
Louie Spicolli
0%
Scott McGhee
0%
Sivi Afi
0%
Tiger Toguchi
0%
Tim Horner
0%
No matching quizzes found
Score Distribution
Percent of People with Each Score
Percentile by Number Answered
Your Score History
You have not taken this quiz since the last reset